000
00286nam a22001217a 4500
008
180911b xxu||||| |||| 00| 0 eng d
041
_a
eng
080
_2
12 ed
_a
615
100
_a
5
101
_a
FAR
245
_a
The Pharmacological Basic Therapeutics
_c
Brunton.L
942
_2
udc
_c
BK
999
_c
47677
_d
47677